000 00706nam a2200193Ii 4500
003 JO-AjNU
008 230605s9999||||xx |||||||||||||| ||und||
040 _aJO-AjNU
_bara
_erda
_cJO-AjNU
041 _aara
050 1 4 _aKZ6471 2014
100 3 _a اللجنة الدولية للصليب الأحمر,
_eauthor
_957867
245 0 0 _aالقانون الدولي الإنساني: إجابات على اسئلتك
264 3 1 _aجنيف : اللجنة الدولية للصليب الأحمر، 2014
300 _a96ص
336 _atext
_btxt
_2rdacontent
337 _aunmediated
_bn
_2rdamedia
338 _avolume
_bnc
_2rdacarrier
650 4 _aحقوق الانسان - قانون دولي
_957868
999 _aA25957
_c29525
_d29525